000 nam a22 7a 4500
999 _c331953
_d331953
003 NUST
005 20171103123259.0
008 171103b xxu||||| |||| 00| 0 eng d
040 _c0
082 _a628.162 NRC
245 _aAnnual report 2011-12
_cNUST
260 _aIslamabad
_bNUST
_c2012
300 _a153p.
500 _aP.B
942 _2ddc
_cBK
_kIESE